Štatistická ročenka hlavného mesta SR Bratislavy 2003

Uložené v:
Podrobná bibliografia
Médium: Kniha
Jazyk:Slovak
English
Vydavateľské údaje: Bratislava Štatistický úrad SR - Krajská správa v Bratislave 2003
Predmet:
Tagy: Pridať tag
Žiadne tagy, Buďte prvý, kto otaguje tento záznam!

MARC

LEADER 00000nam$a2200000$$$4500
001 0006175
005 20240509073403.9
020 |a 80-967865-1-2 
041 0 |a slo 
041 0 |a eng 
044 |a SK 
245 1 0 |a Štatistická ročenka hlavného mesta SR Bratislavy 2003 
264 1 |a Bratislava  |b Štatistický úrad SR - Krajská správa v Bratislave  |c 2003 
300 |a 274 s. 
610 2 0 |a mestá 
610 2 0 |a Slovensko 
610 2 0 |a Bratislava